เมียมลทิน (Record no. 37533)

MARC details
000 -LEADER
fixed length control field 04322nam a22002177a 4500
003 - CONTROL NUMBER IDENTIFIER
control field TH-BaNU
005 - DATE AND TIME OF LATEST TRANSACTION
control field 20230330140822.0
008 - FIXED-LENGTH DATA ELEMENTS--GENERAL INFORMATION
fixed length control field 230330b2022 TH ||||| |||| 00| 0 tha d
020 ## - INTERNATIONAL STANDARD BOOK NUMBER
International Standard Book Number 5522840159182
040 ## - CATALOGING SOURCE
Original cataloging agency TH-BaNU
100 ## - MAIN ENTRY--PERSONAL NAME
Personal name ปลายรุ้ง
245 ## - TITLE STATEMENT
Title เมียมลทิน
260 ## - PUBLICATION, DISTRIBUTION, ETC.
Place of publication, distribution, etc. กรุงเทพฯ:
Name of publisher, distributor, etc. กรีนมายด์:
Date of publication, distribution, etc. 2565
300 ## - PHYSICAL DESCRIPTION
Extent 209 หน้า
520 ## - SUMMARY, ETC.
Summary, etc. ไอยรินต้องแต่งงานแทนพี่สาวเพราะความจำเป็น สามีที่เธอไม่ได้เลือกกำลังจะทำให้เธอตกนรกทั้งเป็น ซึ่งเขาพร้อมจะทำลายเธอทุกครั้งที่มีโอกาส การแต่งงานที่ไม่ได้เกิดจากความรัก มันกำลังทำให้เธอกลายเป็นเมียที่มีมลทิน!<br/>นพวินท์ ชายหนุ่มที่เพียบพร้อมทุกอย่าง เมื่อถูกคลุมถุงชนและไม่มีความสุขกับพันธะจอมปลอม ดังนั้นเมียที่เขาได้มานั้นก็ไม่สมควรที่จะมีความสุขด้วยเช่นกัน<br/>ทว่าความปรารถนาที่มีในตัวภรรยาเริ่มแปรเปลี่ยนเป็นความรัก เธอเป็นเหมือนสิ่งของที่เขาหวงแหน ยิ่งได้ลิ้มรส เขายิ่งหลงใหลจนไม่อาจปล่อยให้เธอหนีหายไปจากชีวิตได้<br/>“ผมไม่ชอบให้ใครสวมเขา! ผมบอกคุณหลายครั้งแล้วใช่มั้ย! แต่ทำไมคุณถึงได้ทำ!” เขาตวาดเสียงเครียด ดวงตาคู่คมกวาดมองทั่วเรือนร่างบางราวกับต้องการสำรวจถึงความเสียหาย<br/>“ฉัน...ฉันทำอะไร ฉันไม่เข้าใจที่คุณพูด” ไอยรินเสียงสั่น ท่าทางขึงขังของเขาทำให้เธอรู้สึกกลัว และตอนนี้เธอเองก็อยู่ในท่าทางที่ไม่เรียบร้อยสักเท่าไหร่<br/>“คุณไปงานแต่งงาน แต่ไปกอดกับเจ้าบ่าว! อยากเป็นเมียน้อยหรือยังไง!”<br/>เพี้ยะ!<br/>เมื่อเสียงหยามเหยียดจบลง หญิงสาวก็ตวัดฝ่ามือไปที่ใบหน้าคมทันที แม้ในความมืดเธอก็ยังคงเห็นถึงท่าทางบึ้งตึงและความขุ่นมัวที่ส่งผ่านมาจากแววตา ทว่าเธอเองก็โมโหไม่แพ้กันที่เขามาดูถูกเธอ<br/>“เลว!” หญิงสาวตวาดกลับ ไอยรินไม่คิดจะอธิบายให้เขาฟัง เจ้าตัวเลือกที่จะปล่อยให้เขาเข้าใจผิด ในเมื่อชีวิตครอบครัวมันมีอายุเพียงแค่ปีเดียว...เธอจะไปยี่หระทำไม เพราะถึงอย่างไรเขาก็ไม่มีวันรักเธอ
650 ## - SUBJECT ADDED ENTRY--TOPICAL TERM
Topical term or geographic name entry element วรรณกรรม
850 ## - HOLDING INSTITUTION
Holding institution Kuakarun Nursing Library
856 ## - ELECTRONIC LOCATION AND ACCESS
Uniform Resource Identifier <a href="https://se-ed.belibcloud.com/book-detail/18280">https://se-ed.belibcloud.com/book-detail/18280</a>
Link text se-ed e-library
942 ## - ADDED ENTRY ELEMENTS (KOHA)
Source of classification or shelving scheme Local Classification
Koha item type Electronic books
998 ## - STAFF NAME (NMU)
Cataloger bee
Holdings
Withdrawn status Lost status Source of classification or shelving scheme Damaged status Not for loan Home library Current library Shelving location Date acquired Total Checkouts Barcode Date last seen Price effective from Koha item type
    Local Classification   Online Access Kuakarun Nursing Library Kuakarun Nursing Library Processing unit 30/03/2023   eb37533 30/03/2023 30/03/2023 Electronic books